<?xml version="1.0" encoding="UTF-8"?>
<record
    xmlns:xsi="http://www.w3.org/2001/XMLSchema-instance"
    xsi:schemaLocation="http://www.loc.gov/MARC21/slim http://www.loc.gov/standards/marcxml/schema/MARC21slim.xsd"
    xmlns="http://www.loc.gov/MARC21/slim">

  <leader>01268nam a22002177a 4500</leader>
  <datafield tag="952" ind1=" " ind2=" ">
    <subfield code="0">0</subfield>
    <subfield code="1">0</subfield>
    <subfield code="2">ddc</subfield>
    <subfield code="4">0</subfield>
    <subfield code="7">0</subfield>
    <subfield code="8">NFIC</subfield>
    <subfield code="a">ASL</subfield>
    <subfield code="b">ASL</subfield>
    <subfield code="c">GEN</subfield>
    <subfield code="d">2021-10-11</subfield>
    <subfield code="e">Donated by Prof. (Dr.) M. Abdul Qayyum &amp; Dr. Razia Sultana</subfield>
    <subfield code="l">0</subfield>
    <subfield code="o">928.9144 AHM</subfield>
    <subfield code="p">112522</subfield>
    <subfield code="r">2021-10-11 00:00:00</subfield>
    <subfield code="t">C-1</subfield>
    <subfield code="w">2021-10-11</subfield>
    <subfield code="y">BK</subfield>
  </datafield>
  <datafield tag="999" ind1=" " ind2=" ">
    <subfield code="c">26493</subfield>
    <subfield code="d">26493</subfield>
  </datafield>
  <controlfield tag="003">BDDh-ASL</controlfield>
  <controlfield tag="005">20231015030642.0</controlfield>
  <controlfield tag="008">210922s2000    -ge||||| |||| 00| 0 b   d</controlfield>
  <datafield tag="040" ind1=" " ind2=" ">
    <subfield code="c">BDDh-ASL</subfield>
  </datafield>
  <datafield tag="082" ind1=" " ind2=" ">
    <subfield code="a">928.9144</subfield>
    <subfield code="b">AHM</subfield>
  </datafield>
  <datafield tag="110" ind1="1" ind2=" ">
    <subfield code="9">4925</subfield>
    <subfield code="a">&#x9A1;&#x9BF;&#x9B0;&#x9C7;&#x995;&#x9CD;&#x99F;&#x9B0; &#x985;&#x9AC; &#x9B0;&#x9C7;&#x99C;&#x9BF;&#x993;&#x9A8;&#x9CD;&#x9AF;&#x9BE;&#x9B2; &#x9AA;&#x9BE;&#x9AC;&#x9B2;&#x9BF;&#x9B8;&#x9BF;&#x99F;&#x9BF;</subfield>
  </datafield>
  <datafield tag="245" ind1="0" ind2="0">
    <subfield code="a">&#x9A1;&#x983; &#x986;&#x9B9;&#x9AE;&#x9A6; &#x9B6;&#x9B0;&#x9C0;&#x9AB; &#x9B8;&#x9CD;&#x9AE;&#x9BE;&#x9B0;&#x995; &#x9B8;&#x982;&#x995;&#x9B2;&#x9A8; /</subfield>
  </datafield>
  <datafield tag="246" ind1=" " ind2=" ">
    <subfield code="a">Dr. Ahmad Sharif Smarak Sanklan</subfield>
  </datafield>
  <datafield tag="260" ind1=" " ind2=" ">
    <subfield code="a">&#x99C;&#x9BE;&#x9B0;&#x9CD;&#x9AE;&#x9BE;&#x9A8;&#x9C0;: </subfield>
    <subfield code="b">&#x9B8;&#x982;&#x9B2;&#x9BE;&#x9AA;, </subfield>
    <subfield code="c">&#x9E8;&#x9E6;&#x9E6;&#x9E6;&#x964; </subfield>
  </datafield>
  <datafield tag="300" ind1=" " ind2=" ">
    <subfield code="a">&#x9E7;&#x9E9;&#x9ED; &#x9AA;&#x9C3;&#x9B7;&#x9CD;&#x9A0;&#x9BE;, : </subfield>
    <subfield code="c">&#x9E8;&#x9E8; &#x9B8;&#x9C7;. &#x9AE;&#x9BF;. </subfield>
  </datafield>
  <datafield tag="600" ind1="1" ind2="0">
    <subfield code="9">4932</subfield>
    <subfield code="a">&#x9B6;&#x9B0;&#x9C0;&#x9AB;, &#x9A1;. &#x986;&#x9B9;&#x9AE;&#x9A6;</subfield>
  </datafield>
  <datafield tag="650" ind1=" " ind2="0">
    <subfield code="a">Commemoration Volume (&#x9B8;&#x9CD;&#x9AE;&#x9BE;&#x9B0;&#x995;&#x997;&#x9CD;&#x9B0;&#x9A8;&#x9CD;&#x9A5;), Memoirs, &#x9B8;&#x9CD;&#x9AE;&#x9BE;&#x9B0;&#x995;&#x997;&#x9CD;&#x9B0;&#x9A8;&#x9CD;&#x9A5;, Sm&#x101;rakagrantha, Souvenir, &#x9B8;&#x9CD;&#x9AE;&#x9B0;&#x9A3;&#x9BF;&#x995;, &#x9B8;&#x9CD;&#x9AE;&#x9BE;&#x9B0;&#x995;&#x997;&#x9CD;&#x9B0;&#x9A8;&#x9CD;&#x9A5;, &#x9B8;&#x9CD;&#x9AE;&#x9C3;&#x9A4;&#x9BF;&#x995;&#x9A5;&#x9BE;, Smr&#x325;tikath&#x101;,  Memoirs, Reminiscences, &#x9B8;&#x9CD;&#x9AE;&#x9B0;&#x9A3;&#x9BF;&#x995;&#x9BE;, Smara&#x1E47;ik&#x101;, Souvenir, &#x9B8;&#x9CD;&#x9AF;&#x9C1;&#x9AD;&#x9C7;&#x9A8;&#x9BF;&#x9B0;, &#x985;&#x9AD;&#x9BF;&#x99C;&#x9CD;&#x99E;&#x9BE;&#x9A8;, Syubh&#x113;nira, so&#x35E;ov&#x259;&#x2C8;nir, memorial, souvenir, remembrancer</subfield>
    <subfield code="9">4668</subfield>
  </datafield>
  <datafield tag="700" ind1="1" ind2=" ">
    <subfield code="9">4933</subfield>
    <subfield code="a">&#x9B6;&#x9BE;&#x9A8;&#x9CD;&#x9A4;&#x9BF;, &#x9B6;&#x9BE;&#x9B9;&#x9CD; &#x986;&#x9B2;&#x9AE;</subfield>
  </datafield>
  <datafield tag="700" ind1="1" ind2=" ">
    <subfield code="9">4934</subfield>
    <subfield code="a">&#x9B0;&#x9B9;&#x9AE;&#x9BE;&#x9A8;, &#x993;&#x9AF;&#x9BC;&#x9BE;&#x9B2;&#x9C0;</subfield>
  </datafield>
  <datafield tag="942" ind1=" " ind2=" ">
    <subfield code="2">ddc</subfield>
    <subfield code="c">BK</subfield>
  </datafield>
</record>
